| 000 | 00677nam a2200241Ia 4500 | ||
|---|---|---|---|
| 003 | OSt | ||
| 005 | 20220918202234.0 | ||
| 006 | a|||||r|||| 00| 0 | ||
| 007 | ta | ||
| 008 | 220917b |||||||| |||| 00| 0 eng d | ||
| 024 | _a99,713 | ||
| 037 | _cTextual | ||
| 040 |
_aARTS _cARTS _beng |
||
| 041 |
_2eng _aeng |
||
| 082 | _aV2:71B1, G4 :L9 (Q4) | ||
| 100 |
_aBarua Benimadhab _975226 |
||
| 245 | 0 |
_aBarhut _b Stone as a story teller Pt I --II |
|
| 260 |
_aDelhi _bIndological Book Coporation _c1979 |
||
| 300 |
_aviii plates _ccm. |
||
| 650 | _aHISTORY | ||
| 942 |
_hV2:71B1, G4 :L9 (Q4) _cTEXL _2CC |
||
| 999 |
_c223286 _d223286 |
||